| 000 | 00802nam a2200265 a 4500 | ||
|---|---|---|---|
| 999 |
_c7654 _d7654 |
||
| 003 | BD-JhCC | ||
| 005 | 20180212182813.0 | ||
| 008 | 180212s1969 mnua b 000 0 eng d | ||
| 035 | _a(BD-JhCC) | ||
| 040 |
_aBD-JhCC _cDLC _dBD-JhCC _dEQO |
||
| 041 | _aeng | ||
| 050 | 0 |
_aQR360 _b.W52 1969 |
|
| 082 |
_a576/.6484/012 _bWIL 1969 |
||
| 096 |
_aQW15 _b.W744c 1965 |
||
| 100 | 1 |
_aWilner, Burton Irwin, _d1925- |
|
| 245 | 1 | 2 |
_aA classification of the major groups of human and other animal viruses / _cby Burton I. Wilner. |
| 250 | _a4th ed. | ||
| 260 |
_aMinneapolis : _bBurgess Pub. Co., _c[1969] |
||
| 300 |
_avii, 250 p. _billus. _c29 cm. |
||
| 504 | _aBibliograpy: p. 175-225. | ||
| 650 | 0 |
_aViruses _vClassification. |
|
| 650 | 2 |
_aViruses _xclassification. |
|
| 942 |
_2ddc _cBK |
||